Statistiques concernant Top 15 des pays avec les décès de Covid-19 - 9 octobre

Cliquez ici pour prendre le quiz!

Statistiques générales

  • Ce quiz a été pris 15 fois
  • Le résultat moyen est 13 sur 20

Statistiques - réponses

pays% Correct
France
100%
Espagne
93%
Etats-Unis
93%
Royaume-Uni
93%
Russie
93%
Brésil
87%
Belgique
80%
Inde
80%
Italie
80%
Mexique
67%
Argentine
47%
Chili
47%
Colombie
47%
Équateur
47%
Pérou
47%
Suède
47%
Afrique du Sud
40%
Iran
40%
Bolivie
27%
Panama
20%

Distribution des résultats

Percentile par nombre de réponses

% des personnes avec chaque résultat

Votre développement - résultats

Vous n’avez pas pris ce quiz